000 01011nam a22001937a 4500
942 _cBK
999 _c1010
_d1010
005 20250420134833.0
008 231105b ||||| |||| 00| 0 eng d
020 _a9780071462723
040 _cKCST
082 _a519.502462
_bSt En
100 _aStephens, Larry J.
_97859
245 _aEngineering statistics demystified /
_cLarry J. Stephens
260 _aNew York:
_bMcGraw-Hill;
_c2007
300 _a434 p.
505 _a PrefaceAcknowledgmentsChapter 1: Treatment of Data Using EXCEL, MINITAB, SAS, SPSS, and STATISTIXChapter 2: ProbabilityChapter 3: Probability Distributions for Discrete Random VariablesChapter 4: Probability Densities for Continuous Random Variables and Introduction to MAPLEChapter 5: Sampling DistributionsChapter 6: Inferences Concerning MeansChapter 7: Inferences Concerning VariancesChapter 8: Inferences Concerning ProportionsFINAL EXAMINATIONSSOLUTIONS TO CHAPTER EXERCISESBIBLIOGRAPHYINDEX
650 _aEngineering
_vStatistical methods
_95534
942 _2ddc